Istorija russkogo jazykoznanija Dopuščeno Min. vyššego isred. ... v kačestve učebnogo posogija

Bibliographic Details
Main Author: Beriozin, Fiodor Michajlovič (Author)
Format: Book
Language:Russian
PhysicalDescription:221, [3] s. 8°
Published: Moskva Vyššaja škola 1979

MARC

LEADER 00000nam a2200000 a 4500
001 vtls001262573
003 SK-MaSNL
005 20260301064344.0
008 240315s1979 RU 0 rus
035 |a SNK000213465 
040 |a SNK  |b slo  |c SNK  |e AACR2 
041 0 |a rus 
044 |a RU 
100 1 |a Beriozin, Fiodor Michajlovič  |4 aut  |9 381548 
245 0 |a Istorija russkogo jazykoznanija  |b Dopuščeno Min. vyššego isred. ... v kačestve učebnogo posogija  |c Fiodor Michailovič Beriozin 
260 |a Moskva  |b Vyššaja škola  |c 1979 
300 |a 221, [3] s.  |c 8° 
958 |a RK 
958 |a OND 
999 |c 626513  |d 628443 
952 |t P60, <04>, [BOOK], {604}  |a SNK  |b SNK  |y VYP  |7 0  |o snkIC 79605  |i snkZK 254/80  |0 0  |1 0  |4 0  |d 1996-10-03  |l 0  |r 2005-01-01 00:00:00  |w 2026-02-23